000 00576nam a2200217Ia 4500
003 OSt
005 20220918191900.0
006 a|||||r|||| 00| 0
007 ta
008 220917b |||||||| |||| 00| 0 eng d
024 _a65,610
037 _cTextual
040 _aARTS
_cARTS
_beng
041 _2eng
_aeng
082 _aR3v1:N5, J0 (TR)
100 _aDatta Dhirendra Mohan
_977499
245 0 _aChief currents of contemporary philosophy
260 _c1950
942 _hR3v1:N5, J0 (TR)
_cTEXL
_2CC
999 _c191853
_d191853